[Event "LSS No Engine Cup 93 Preliminary 3"]
[Site "LSS email"]
[Date "2013.08.28"]
[Round "?"]
[White "O'Brien, Glenn"]
[Black "Ivanchenko, Petr"]
[Result "0-1"]
[WhiteElo "1282"]
[BlackElo "1702"]
[PlyCount "66"]
[EventDate "2013.08.29"]
[EventType "tourn (corr)"]
[EventRounds "6"]
[EventCountry "GER"]
[SourceTitle "Telechess CBM 167"]
[Source "ChessBase"]
[SourceDate "2015.07.13"]
[SourceVersion "1"]
[SourceVersionDate "2015.07.13"]
[SourceQuality "1"]

1. e4 c5 2. Nf3 d6 3. d4 cxd4 4. Nxd4 Nf6 5. Nc3 a6 6. Bg5 Nbd7 7. Bc4 h6 8. Bxf6 Nxf6 9. Qe2 e6 10. 0-0-0 b5 11. Bb3 Qc7 12. f4 b4 13. Nb1 Be7 14. e5 dxe5 15. fxe5 Nd5 16. Nd2 0-0 17. Bxd5 exd5 18. Rde1 a5 19. Qb5 Bg5 20. Qxd5 Bb7 21. Qd6 Qc4 22. Nf5 Qxa2 23. Ne3 Rfd8 24. Qb6 Be4 25. h4 Qa1+ 26. Nb1 Bxc2 27. Kxc2 Rac8+ 28. Nc3 Rxc3+ 29. bxc3 Qa2+ 30. Kc1 Rd2 31. Qb8+ Kh7 32. Qxb4 axb4 33. hxg5 Qb2# 0-1

[Event "LSS No Engine Cup 93 Preliminary 3"]
[Site "LSS email"]
[Date "2013.08.28"]
[Round "?"]
[White "Plotnikov, Vladimir Anatolievi"]
[Black "Ivanchenko, Petr"]
[Result "0-1"]
[WhiteElo "1194"]
[BlackElo "1702"]
[PlyCount "66"]
[EventDate "2013.08.29"]
[EventType "tourn (corr)"]
[EventRounds "6"]
[EventCountry "GER"]
[SourceTitle "Telechess CBM 167"]
[Source "ChessBase"]
[SourceDate "2015.07.13"]
[SourceVersion "1"]
[SourceVersionDate "2015.07.13"]
[SourceQuality "1"]

1. e4 c5 2. Nf3 d6 3. d4 cxd4 4. Nxd4 Nf6 5. Nc3 a6 6. Bg5 Nbd7 7. Bc4 Qb6 8. Bb3 e6 9. f4 Be7 10. Qd2 Nc5 11. Qe2 Ncxe4 12. Nxe4 Qxd4 13. Bxf6 gxf6 14. c3 Qb6 15. 0-0-0 f5 16. Nd2 Bd7 17. Nc4 Qc7 18. Qe3 Bc6 19. Qd4 Rg8 20. Rhg1 Rd8 21. g3 Bf3 22. Rd2 d5 23. Qe5 Qc5 24. Ne3 Bd6 25. Qd4 Qxd4 26. cxd4 Bxf4 27. Re1 Bg5 28. Rc2 Be4 29. Rc7 f4 30. gxf4 Bxf4 31. Rxb7 Rg2 32. h4 Rc8+ 33. Kd1 Bf3+ 0-1

[Event "LSS No Engine Cup 83 Final"]
[Site "LSS email"]
[Date "2013.08.11"]
[Round "?"]
[White "Ivanchenko, Petr"]
[Black "Gudok, Viktor"]
[Result "1/2-1/2"]
[WhiteElo "1917"]
[BlackElo "1884"]
[PlyCount "26"]
[EventDate "2013.08.12"]
[EventType "tourn (corr)"]
[EventRounds "6"]
[EventCountry "GER"]
[SourceTitle "Corr 2022"]
[Source "ChessBase"]
[SourceDate "2021.10.24"]
[SourceVersion "1"]
[SourceVersionDate "2021.10.24"]
[SourceQuality "1"]

1. e4 c5 2. Nf3 d6 3. d4 cxd4 4. Nxd4 Nf6 5. Nc3 g6 6. Be3 Bg7 7. Be2 Nc6 8. 0-0 0-0 9. Qd2 Ng4 10. Bxg4 Bxg4 11. h3 Be6 12. Rad1 Qa5 13. Nd5 Qxd2 1/2-1/2

[Event "LSS No Engine Cup 87 Preliminary 6"]
[Site "LSS email"]
[Date "2013.05.06"]
[Round "?"]
[White "Ivanchenko, Petr"]
[Black "Barrilete, Petaca"]
[Result "1/2-1/2"]
[WhiteElo "1678"]
[BlackElo "1398"]
[PlyCount "93"]
[EventDate "2013.05.07"]
[EventType "tourn (corr)"]
[EventRounds "6"]
[EventCountry "GER"]
[SourceTitle "Telechess CBM 167"]
[Source "ChessBase"]
[SourceDate "2015.07.13"]
[SourceVersion "1"]
[SourceVersionDate "2015.07.13"]
[SourceQuality "1"]

1. e4 c5 2. Nf3 d6 3. d4 cxd4 4. Nxd4 Nf6 5. Nc3 Nc6 6. Be2 g6 7. Be3 Bg7 8. 0-0 0-0 9. Qd2 Ng4 10. Nxc6 bxc6 11. Bf4 Rb8 12. h3 Ne5 13. b3 f5 14. exf5 Bxf5 15. Rac1 Qa5 16. Na4 Qxd2 17. Bxd2 Bf6 18. g4 Bd7 19. f4 Nf7 20. Kg2 Rbe8 21. Nc3 Bd4 22. Rce1 Kg7 23. Bc4 d5 24. Bd3 e5 25. Na4 exf4 26. Bxf4 h5 27. c3 Bf6 28. Nc5 Bc8 29. gxh5 gxh5 30. c4 Bd4 31. b4 Ne5 32. Bxe5+ Rxe5 33. Rxf8 Kxf8 34. Rxe5 Bxe5 35. cxd5 cxd5 36. Ba6 Bxa6 37. Nxa6 Ke7 38. Kf3 Kd6 39. a4 Bc3 40. b5 Bh8 41. Ke3 Bf6 42. Kf3 Ba1 43. Ke3 Bf6 44. Nb8 Bd8 45. Kd3 Bb6 46. Kc3 h4 47. Kd3 1/2-1/2

[Event "LSS No Engine Cup 87 Preliminary 6"]
[Site "LSS email"]
[Date "2013.05.06"]
[Round "?"]
[White "Ivanchenko, Petr"]
[Black "Micu, Sorin"]
[Result "1-0"]
[WhiteElo "1877"]
[BlackElo "1670"]
[PlyCount "25"]
[EventDate "2013.05.07"]
[EventType "tourn (corr)"]
[EventRounds "6"]
[EventCountry "GER"]
[SourceTitle "Corr 2022"]
[Source "ChessBase"]
[SourceDate "2021.10.24"]
[SourceVersion "1"]
[SourceVersionDate "2021.10.24"]
[SourceQuality "1"]

1. d4 d5 2. c4 e6 3. e3 Nf6 4. Nf3 Nbd7 5. Nc3 Be7 6. Qc2 0-0 7. b3 Nb6 8. Be2 c5 9. 0-0 Qc7 10. Nb5 Qd8 11. dxc5 Bxc5 12. cxd5 Qxd5 13. Nc7 1-0

[Event "LSS No Engine Cup 83 Preliminary 1"]
[Site "LSS email"]
[Date "2013.02.27"]
[Round "?"]
[White "Ivanchenko, Petr"]
[Black "Leonov, Aleksandr"]
[Result "1-0"]
[WhiteElo "1607"]
[BlackElo "1014"]
[PlyCount "37"]
[EventDate "2013.02.28"]
[EventType "tourn (corr)"]
[EventRounds "6"]
[EventCountry "GER"]
[SourceTitle "Corr 2015"]
[Source "ChessBase"]
[SourceDate "2015.07.17"]
[SourceVersion "1"]
[SourceVersionDate "2015.07.17"]
[SourceQuality "1"]

1. e4 e5 2. Nf3 Nf6 3. d4 exd4 4. e5 Ne4 5. Qxd4 Nc5 6. Bc4 Be7 7. Nc3 0-0 8. Be3 Nc6 9. Qf4 Ne6 10. Qg3 d6 11. 0-0-0 a6 12. Ne4 Qe8 13. exd6 cxd6 14. Nxd6 Bxd6 15. Rxd6 b5 16. Bd5 Bd7 17. Bh6 Qe7 18. Re1 Rad8 19. Bxc6 1-0

[Event "LSS No Engine Cup 83 Preliminary 1"]
[Site "LSS email"]
[Date "2013.02.27"]
[Round "?"]
[White "Ivanchenko, Petr"]
[Black "Vogel, Helmut"]
[Result "1/2-1/2"]
[WhiteElo "1607"]
[BlackElo "1382"]
[PlyCount "76"]
[EventDate "2013.02.28"]
[EventType "tourn (corr)"]
[EventRounds "6"]
[EventCountry "GER"]
[SourceTitle "Telechess CBM 159"]
[Source "ChessBase"]
[SourceDate "2014.03.17"]
[SourceVersion "1"]
[SourceVersionDate "2014.03.17"]
[SourceQuality "1"]

1. d4 d5 2. c4 e6 3. Nf3 Nf6 4. Nc3 Nbd7 5. Bg5 Be7 6. e3 a6 7. Qc2 dxc4 8. Bxc4 b5 9. Be2 Bb7 10. 0-0 0-0 11. Rad1 Rc8 12. Ne5 h6 13. Bh4 Nxe5 14. dxe5 Nd5 15. Nxd5 Bxd5 16. e4 Bxh4 17. exd5 exd5 18. g3 Be7 19. Qc6 d4 20. Bd3 Rb8 21. Rc1 Rb6 22. Qxc7 g6 23. f4 Re6 24. Qc2 Qd5 25. a4 Rd8 26. axb5 axb5 27. Be4 Qc4 28. Qxc4 bxc4 29. Rxc4 d3 30. Rd1 d2 31. Kf2 Rb6 32. Rc2 Bb4 33. Ke2 f6 34. exf6 Kf7 35. g4 g5 36. fxg5 hxg5 37. h4 Kxf6 38. h5 Ke5 1/2-1/2

[Event "LSS No Engine Cup 83 Preliminary 1"]
[Site "LSS email"]
[Date "2013.02.27"]
[Round "?"]
[White "Lombardi, Donato"]
[Black "Ivanchenko, Petr"]
[Result "0-1"]
[WhiteElo "739"]
[BlackElo "1607"]
[PlyCount "48"]
[EventDate "2013.02.28"]
[EventType "tourn (corr)"]
[EventRounds "6"]
[EventCountry "GER"]
[SourceTitle "Telechess CBM 159"]
[Source "ChessBase"]
[SourceDate "2014.03.17"]
[SourceVersion "1"]
[SourceVersionDate "2014.03.17"]
[SourceQuality "1"]

1. e4 c5 2. d4 cxd4 3. Qxd4 Nc6 4. Qe3 g6 5. Nc3 Bg7 6. Bd2 Nf6 7. 0-0-0 0-0 8. h3 d5 9. exd5 Nxd5 10. Nxd5 Qxd5 11. Bc3 Qxa2 12. Bxg7 Kxg7 13. Nf3 Qa1+ 14. Kd2 Rd8+ 15. Bd3 Qxb2 16. Rb1 Qf6 17. Rhd1 a5 18. Ke1 a4 19. Qb6 Bxh3 20. Qxb7 Bxg2 21. Ng1 Rdb8 22. Qc7 Qc3+ 23. Ke2 Nd4+ 24. Ke3 Nxc2+ 0-1

[Event "ZI-2012-0-01470"]
[Site "LSS email"]
[Date "2013.01.03"]
[Round "?"]
[White "Ivanchenko, Petr"]
[Black "Fiser, Otakar"]
[Result "1-0"]
[WhiteElo "1560"]
[BlackElo "1377"]
[PlyCount "65"]
[EventDate "2012.12.30"]
[EventType "match (corr)"]
[EventRounds "2"]
[EventCountry "GER"]
[SourceTitle "Telechess CBM 163"]
[Source "ChessBase"]
[SourceDate "2014.11.11"]
[SourceVersion "2"]
[SourceVersionDate "2014.11.11"]
[SourceQuality "1"]

1. e4 c5 2. Nf3 d6 3. d4 cxd4 4. Nxd4 Nf6 5. Nc3 a6 6. Be3 e5 7. Nb3 Be6 8. f3 Be7 9. a3 b5 10. Qd2 Nbd7 11. 0-0-0 0-0 12. g4 Bxb3 13. cxb3 Nc5 14. Qc2 Qc7 15. g5 Nh5 16. Nd5 Qb7 17. Kb1 Rac8 18. Rc1 Nf4 19. Bxf4 exf4 20. h4 f6 21. Bh3 Rce8 22. b4 fxg5 23. bxc5 gxh4 24. c6 Qa7 25. Bd7 Bg5 26. Bxe8 Rxe8 27. c7 Rc8 28. Rhg1 h6 29. Rxg5 hxg5 30. Ne7+ Kf7 31. Nxc8 Qd4 32. Nxd6+ Qxd6 33. c8Q 1-0

[Event "SD-2012-0-00142"]
[Site "LSS email"]
[Date "2012.08.17"]
[Round "?"]
[White "Koziol, Pawel"]
[Black "Ivanchenko, Petr"]
[Result "0-1"]
[WhiteElo "1392"]
[BlackElo "1587"]
[PlyCount "38"]
[EventDate "2012.06.28"]
[EventType "tourn (corr)"]
[EventRounds "6"]
[EventCountry "GER"]
[SourceTitle "Corr 2015"]
[Source "ChessBase"]
[SourceDate "2015.07.17"]
[SourceVersion "1"]
[SourceVersionDate "2015.07.17"]
[SourceQuality "1"]

1. c4 e5 2. Nc3 Nf6 3. Nf3 Nc6 4. e3 Bb4 5. Qc2 Bxc3 6. Qxc3 Qe7 7. a3 d5 8. cxd5 Nxd5 9. Qb3 Nf6 10. d3 0-0 11. Be2 a5 12. 0-0 a4 13. Qc2 Rd8 14. b3 axb3 15. Qxb3 Nd7 16. Qc2 Nc5 17. Rd1 Bf5 18. e4 Be6 19. Rb1 b6 0-1

[Event "BI-2012-P-00021"]
[Site "LSS email"]
[Date "2012.04.20"]
[Round "?"]
[White "Ivanchenko, Petr"]
[Black "Bakulin, Yury Valentinovich"]
[Result "1-0"]
[WhiteElo "1560"]
[BlackElo "2037"]
[PlyCount "101"]
[EventDate "2012.04.22"]
[EventType "tourn (corr)"]
[EventRounds "10"]
[EventCountry "GER"]
[SourceTitle "Telechess CBM 165"]
[Source "ChessBase"]
[SourceDate "2015.03.11"]
[SourceVersion "1"]
[SourceVersionDate "2015.03.11"]
[SourceQuality "1"]

1. d4 d5 2. c4 e6 3. Nf3 c5 4. cxd5 exd5 5. Nc3 Nc6 6. g3 Nf6 7. Bg2 Be7 8. 0-0 0-0 9. Bg5 c4 10. Ne5 Be6 11. f4 h6 12. Bh4 Ng4 13. Bxe7 Nxe7 14. Qd2 Nxe5 15. fxe5 Qb6 16. Rab1 Rac8 17. e3 Rfd8 18. a3 Rc7 19. Rf2 Qa6 20. Rbf1 Qa5 21. Qe2 Qb6 22. Qh5 Ng6 23. Bf3 Re7 24. g4 Ree8 25. g5 hxg5 26. Qxg5 Rd7 27. Bd1 Qd8 28. Qh5 Qh4 29. Qxh4 Nxh4 30. Ba4 Red8 31. Bxd7 Rxd7 32. a4 Bh3 33. Rc1 Be6 34. Rff1 Kf8 35. Kf2 f6 36. exf6 gxf6 37. Ke1 Kf7 38. Kd2 Ng6 39. Rf2 Ne7 40. Rcf1 Ng8 41. Rf4 f5 42. Rh4 Kf8 43. Rg1 Rg7 44. Rxg7 Kxg7 45. Rh5 Ne7 46. Rg5+ Kh6 47. Rg1 Bd7 48. a5 Be8 49. h4 a6 50. Rg5 Bc6 51. Ne2 1-0

[Event "BI-2012-P-00021"]
[Site "LSS email"]
[Date "2012.04.20"]
[Round "?"]
[White "Ivanchenko, Petr"]
[Black "Ulasevich, Sergei"]
[Result "1/2-1/2"]
[WhiteElo "1560"]
[BlackElo "2299"]
[PlyCount "74"]
[EventDate "2012.04.22"]
[EventType "tourn (corr)"]
[EventRounds "10"]
[EventCountry "GER"]
[SourceTitle "Telechess CBM 165"]
[Source "ChessBase"]
[SourceDate "2015.03.11"]
[SourceVersion "1"]
[SourceVersionDate "2015.03.11"]
[SourceQuality "1"]

1. e4 c5 2. Nf3 d6 3. Nc3 Nf6 4. d4 cxd4 5. Nxd4 a6 6. f3 e5 7. Nb3 Be6 8. Be3 Be7 9. Qd2 h5 10. Nd5 Nxd5 11. exd5 Bf5 12. Be2 Bh4+ 13. g3 Be7 14. 0-0-0 Nd7 15. Kb1 Rc8 16. Bd3 Bh3 17. Rhe1 0-0 18. Qb4 Qc7 19. Rg1 f5 20. c3 Rce8 21. Na5 e4 22. fxe4 Bg4 23. Rdf1 Ne5 24. Bc2 Bd8 25. Nb3 Nc4 26. Bc1 fxe4 27. Rxf8+ Rxf8 28. Nd4 e3 29. Ne6 Bxe6 30. dxe6 b5 31. Re1 Be7 32. Qb3 Rf2 33. Bxe3 Rxh2 34. a4 d5 35. Bf4 Qb6 36. axb5 axb5 37. Rd1 Qc6 1/2-1/2

[Event "BI-2012-P-00021"]
[Site "LSS email"]
[Date "2012.04.20"]
[Round "?"]
[White "Launhardt, Wolfgang"]
[Black "Ivanchenko, Petr"]
[Result "1/2-1/2"]
[WhiteElo "2137"]
[BlackElo "1560"]
[PlyCount "83"]
[EventDate "2012.04.22"]
[EventType "tourn (corr)"]
[EventRounds "10"]
[EventCountry "GER"]
[SourceTitle "Telechess CBM 165"]
[Source "ChessBase"]
[SourceDate "2015.03.11"]
[SourceVersion "1"]
[SourceVersionDate "2015.03.11"]
[SourceQuality "1"]

1. d4 Nf6 2. Nf3 d5 3. c4 e6 4. Nc3 Be7 5. Bg5 h6 6. Bh4 0-0 7. Rc1 b6 8. e3 Bb7 9. Bd3 dxc4 10. Bxc4 Nbd7 11. 0-0 c5 12. dxc5 Nxc5 13. Qc2 Bxf3 14. gxf3 Qc7 15. Rfd1 Rfd8 16. Nb5 Qb7 17. b4 Rxd1+ 18. Qxd1 Rd8 19. Nd4 Na6 20. b5 Nc5 21. Qf1 Ne8 22. Bg3 Rc8 23. Nc6 Bd6 24. a4 Bxg3 25. hxg3 Nd6 26. Be2 a6 27. e4 a5 28. Rc2 Rc7 29. Qc1 Qc8 30. Rxc5 bxc5 31. Qxc5 Nb7 32. Qe3 Rd7 33. Kg2 Qc7 34. f4 Qd6 35. Ne5 Re7 36. Qa7 Kh7 37. Bf3 Qc5 38. Qa6 Qc2 39. Qa8 Nc5 40. Qd8 Rb7 41. Qc8 Qc3 42. Bh5 1/2-1/2

[Event "RE-2012-0-00092"]
[Site "LSS email"]
[Date "2012.03.04"]
[Round "?"]
[White "Ivanchenko, Petr"]
[Black "Leonov, Aleksandr"]
[Result "1-0"]
[WhiteElo "1420"]
[BlackElo "1136"]
[PlyCount "55"]
[EventDate "2012.01.27"]
[EventType "tourn (corr)"]
[EventRounds "6"]
[EventCountry "GER"]
[SourceTitle "Telechess CBM 157"]
[Source "ChessBase"]
[SourceDate "2013.11.12"]
[SourceVersion "1"]
[SourceVersionDate "2013.11.12"]
[SourceQuality "1"]

1. d4 d5 2. c4 c6 3. Nf3 Bf5 4. e3 Nf6 5. Nc3 e6 6. Nh4 Ne4 7. Nxf5 Nxc3 8. Nxg7+ Bxg7 9. bxc3 Nd7 10. Rb1 Qc7 11. cxd5 cxd5 12. Qb3 b6 13. c4 dxc4 14. Bxc4 0-0 15. 0-0 Nf6 16. Ba3 Rfc8 17. Ba6 Rf8 18. Bxf8 Bxf8 19. Rfc1 Qd6 20. Rc2 Nd5 21. Bb7 Rd8 22. Bxd5 exd5 23. Rbc1 Qa3 24. Qxa3 Bxa3 25. Rc8 Rxc8 26. Rxc8+ Bf8 27. Ra8 a5 28. Rb8 1-0

[Event "RE-2012-0-00092"]
[Site "LSS email"]
[Date "2012.03.04"]
[Round "?"]
[White "Vogel, Helmut"]
[Black "Ivanchenko, Petr"]
[Result "1/2-1/2"]
[WhiteElo "1230"]
[BlackElo "1420"]
[PlyCount "71"]
[EventDate "2012.01.27"]
[EventType "tourn (corr)"]
[EventRounds "6"]
[EventCountry "GER"]
[SourceTitle "Telechess CBM 155"]
[Source "ChessBase"]
[SourceDate "2013.07.16"]
[SourceVersion "1"]
[SourceVersionDate "2013.07.16"]
[SourceQuality "1"]

1. e4 c5 2. Nf3 Nc6 3. d4 cxd4 4. Nxd4 e5 5. Nf5 d5 6. Qxd5 Qxd5 7. exd5 Bxf5 8. dxc6 bxc6 9. Bd3 Bxd3 10. cxd3 Nf6 11. Be3 Nd5 12. Nd2 Be7 13. Ke2 Rb8 14. Rab1 f6 15. Rhc1 Kd7 16. Kf1 Rb5 17. Nc4 Rd8 18. Ke2 Ke6 19. Bd2 c5 20. a3 Kf7 21. f3 Bf8 22. Kd1 Rb7 23. Kc2 Rbd7 24. Ba5 Rb8 25. Bd2 Nb6 26. Rd1 Re8 27. g3 g6 28. b3 h5 29. h4 Nd5 30. Be1 Red8 31. Ba5 Rc8 32. Be1 Nc7 33. Bf2 Bh6 34. Bxc5 Nb5 35. b4 Bf8 36. Bxf8 1/2-1/2

[Event "RE-2011-0-00087"]
[Site "LSS email"]
[Date "2012.01.22"]
[Round "?"]
[White "Ivanchenko, Petr"]
[Black "Tutov, Nikolay"]
[Result "1/2-1/2"]
[WhiteElo "1420"]
[BlackElo "1566"]
[PlyCount "46"]
[EventDate "2011.12.29"]
[EventType "tourn (corr)"]
[EventRounds "6"]
[EventCountry "GER"]
[SourceTitle "Telechess CBM 153"]
[Source "ChessBase"]
[SourceDate "2013.03.14"]
[SourceVersion "1"]
[SourceVersionDate "2013.03.14"]
[SourceQuality "1"]

1. d4 Nf6 2. c4 d6 3. Nf3 g6 4. Nc3 Bg7 5. e4 0-0 6. Be2 c5 7. d5 e6 8. 0-0 exd5 9. exd5 Re8 10. h3 Bf5 11. Bd3 Ne4 12. Bxe4 Bxe4 13. Nxe4 Rxe4 14. Qc2 Re8 15. Bf4 Qc7 16. Rae1 Nd7 17. Re2 Nf6 18. Rfe1 Qd7 19. b3 a6 20. Qd3 b5 21. Nd2 h6 22. g4 Rxe2 23. Rxe2 Re8 1/2-1/2

[Event "ZL-2011-0-01038"]
[Site "LSS email"]
[Date "2011.12.10"]
[Round "?"]
[White "Ivanchenko, Petr"]
[Black "Nagy Gode, Peter"]
[Result "1-0"]
[WhiteElo "1381"]
[BlackElo "1247"]
[PlyCount "31"]
[EventDate "2011.12.05"]
[EventType "match (corr)"]
[EventRounds "2"]
[EventCountry "GER"]
[SourceTitle "Corr 2015"]
[Source "ChessBase"]
[SourceDate "2015.07.17"]
[SourceVersion "1"]
[SourceVersionDate "2015.07.17"]
[SourceQuality "1"]

1. e4 d5 2. exd5 Nf6 3. d4 Nxd5 4. Nf3 Bg4 5. h3 Bh5 6. c4 Nb4 7. Qa4+ N8c6 8. d5 Bxf3 9. dxc6 Nd3+ 10. Bxd3 Bxc6 11. Qc2 Bxg2 12. Rg1 Bxh3 13. Nc3 g6 14. Bf4 Bg7 15. 0-0-0 Bd7 16. Nd5 1-0

[Event "RN-2011-0-00399"]
[Site "LSS email"]
[Date "2011.08.16"]
[Round "?"]
[White "Ivanchenko, Petr"]
[Black "Pinilla Munoz, Sonia"]
[Result "1-0"]
[WhiteElo "1272"]
[BlackElo "1060"]
[PlyCount "53"]
[EventDate "2011.07.21"]
[EventType "tourn (corr)"]
[EventRounds "6"]
[EventCountry "GER"]
[SourceTitle "Telechess CBM 149"]
[Source "ChessBase"]
[SourceDate "2012.07.17"]
[SourceVersion "1"]
[SourceVersionDate "2012.07.17"]
[SourceQuality "1"]

1. d4 Nf6 2. c4 g6 3. Nc3 Bg7 4. e4 d6 5. Nf3 0-0 6. Be2 c5 7. 0-0 cxd4 8. Nxd4 Nc6 9. Be3 a6 10. f3 Qc7 11. Nd5 Nxd5 12. cxd5 Nxd4 13. Bxd4 Bxd4+ 14. Qxd4 Qc5 15. Qxc5 dxc5 16. Rfc1 b6 17. b4 cxb4 18. Rc7 Re8 19. Rb1 a5 20. Bb5 Rd8 21. Bc6 Rb8 22. Rxe7 Kf8 23. Ra7 Kg7 24. Re1 Kf8 25. e5 Bf5 26. g4 Bd3 27. e6 1-0